Bilecik Bilecik Bilecik Bilecik Bilecik

Türk edebiyatında Hz. Ali cenknâmeleri/ (Record no. 58628)

MARC details
000 -BAŞLIK
Sabit Uzunluktaki Kontrol Alanı 01505nam a22004097a 4500
001 - KONTROL NUMARASI
Control Dosyası 0058824
003 - KONTROL NUMARASI KİMLİĞİ
Kontrol Alanı KOHA_MİRAKIL
005 - EN SON İŞLEM TARİHİ ve ZAMANI
Kontrol Alanı 20260207004207.0
007 - FİZİKSEL TANIM SABİT ALAN - GENEL BİLGİ
Sabit uzunluklu kontrol alanı ta
008 - SABİT UZUNLUKTAKİ VERİ ÖGELERİ - GENEL BİLGİ
Sabit Alan 160719b1997 tu |||gr||||#||||1|tur |
020 ## - ISBN - ULUSLARARASI STANDART KİTAP NUMARASI
Isbn 9751718473
040 ## - KATALOGLAMA KAYNAĞI
Özgün Kataloglama Kurumu TR-BiSEU
Kataloglama Dili tur
Çeviri Kurumu TR-BiSEU
Açıklama Kuralları rda
041 0# - DİL KODU
Metin ya da ses kaydının dil kodu tur
044 ## - YAYINLAYAN/ÜRETEN KURULUŞUN ÜLKE KODU
ISO country code tu
050 ## - SINIFLAMA ve YER NUMARASI
Sınıflama Numarası PL220
Yer Numarası .C48 1997
100 1# - KİŞİ ADI
Yazar Adı (Kişi adı) Çetin, İsmet.
245 1# - ESER ADI BİLDİRİMİ
Başlık Türk edebiyatında Hz. Ali cenknâmeleri/
Sorumluluk Bildirimi İsmet Çetin ; İsmet Çetin.
264 #1 - ÜRERİM, YAYIN, DAĞITIM ve TELİF BİLDİRİMİ
Yayın yeri Ankara :
Yayınlayan T.C. Kültür Bakanlığı
Yayın tarihi 1997
300 ## - FİZİKSEL TANIMLAMA
Sayfa, Cilt vb. l, 467 sayfa ;
Boyutları 24 cm.
336 ## - İÇERİK TÜRÜ
Content type term metin
Content type code txt
Source rdacontent
337 ## - MEDYA TÜRÜ
Media type term aracısız
Media type code n
Source rdamedia
338 ## - TAŞIYICI TÜRÜ
Carrier type term cilt
Carrier type code nc
Source rdacarrier
490 1# - DİZİ BİLDİRİMİ
Dizi Bildirimi Kültür Bakanlığı yayınları ;
Cilt Numarası 1955.
490 1# - DİZİ BİLDİRİMİ
Dizi Bildirimi HAGEM yayınları ;
Cilt Numarası 262.
490 1# - DİZİ BİLDİRİMİ
Dizi Bildirimi Halk edebiyatı dizisi ;
Cilt Numarası 55.
500 ## - GENEL NOT
Genel Not Kaynakça var.
650 #0 - KONU BAŞLIĞI EK GİRİŞ - KONU TERİMİ
Konusal terim veya coğrafi ad Hz. Ali,
Location of event Halife, 600 (yaklaşık)-661--Edebiyatta.
9 (RLIN) 7365
650 #0 - KONU BAŞLIĞI EK GİRİŞ - KONU TERİMİ
Konusal terim veya coğrafi ad ʻAlī ibn Abī Ṭālib, Caliph, 600 (ca.)-661--In literature.
9 (RLIN) 108812
650 #0 - KONU BAŞLIĞI EK GİRİŞ - KONU TERİMİ
Konusal terim veya coğrafi ad Hz. Ali, Halife, 600 (yaklaşık)-661--Şiirler.
9 (RLIN) 108813
650 #0 - KONU BAŞLIĞI EK GİRİŞ - KONU TERİMİ
Konusal terim veya coğrafi ad ʻAlī ibn Abī Ṭālib, Caliph, 600 (ca.)-661--Poems.
9 (RLIN) 108814
650 #0 - KONU BAŞLIĞI EK GİRİŞ - KONU TERİMİ
Konusal terim veya coğrafi ad Efsaneler--Türkiye--Tarih ve eleştiri.
9 (RLIN) 108815
650 #0 - KONU BAŞLIĞI EK GİRİŞ - KONU TERİMİ
Konusal terim veya coğrafi ad Legends--Turkey--History and criticism.
9 (RLIN) 24202
830 1# - SERİ EK GİRİŞİ - TEKBİÇİM ESER ADI
Tekbiçim Başlık Kültür Bakanlığı yayınları ;
Volume number/sequential designation 1955.
9 (RLIN) 6658
830 1# - SERİ EK GİRİŞİ - TEKBİÇİM ESER ADI
Tekbiçim Başlık HAGEM yayınları ;
Volume number/sequential designation 262.
9 (RLIN) 108816
830 1# - SERİ EK GİRİŞİ - TEKBİÇİM ESER ADI
Tekbiçim Başlık Halk edebiyatı dizisi ;
Volume number/sequential designation 55.
9 (RLIN) 70742
942 ## - EK GİRİŞ ÖGELERİ (KOHA)
Source of classification or shelving scheme Library of Congress Classification
Koha item type Book
Holdings
Materyal Türü Kalıcı Konum Mevcut Konum Raf Yeri Sınıflandırma Kaynağı Edinim Bilgisi Ana Konular Alt Konular Yer Numarası Demirbaş Numarası Fatura Tarihi Geri Çekilme Durumu Kayıp Durumu Hasarlı Durumu Kredi için değil Kayıt Tarih Toplam Ödünçverme Son Görülme Tarihi Son Kontrol Tarihi Genel / Bağış Notu
Book Prof. Dr. Azmi Özcan Kütüphanesi Prof. Dr. Azmi Özcan Kütüphanesi Birûni Salonu Library of Congress Classification Bağış DİL VE EDEBİYAT Doğu Asya, Afrika, Okyanusya Dilleri ve Edebiyatları PL220 .C48 1997 0058824 02/02/2026         19/07/2016   05/12/2024 05/12/2024 Genel Bağış